Kvalita sociálnych služieb / Slavomír Krupa
Record details
- ISBN: 978-80-89387-03-8
- Physical Description: 63 s.
- Publisher: Asociácia zamestnávateĺov občanov so zdravotným postihnutím v SR 2009
Search for related items by series
Available copies
- 4 of 4 copies available at Common Catalog SPOK.
Holds
- 0 current holds with 4 total copies.
Show All Copies
| Location | Call Number / Copy Notes | Barcode | Shelving Location | Status | Due Date |
|---|---|---|---|---|---|
| ETS Library | 361.3 | 424470011653 | Volný výběr | Available | - |
| ETS Library | 361.3 | 424470018717 | Volný výběr | Available | - |
| ETS Library | 361.3 | 424470018718 | Volný výběr | Available | - |
| ETS Library | 361.3 | 424470018719 | Volný výběr | Available | - |
| LDR | 00909nam a2 00289 | ||
|---|---|---|---|
| 001 | 38058 | ||
| 003 | CZ-PrJAB | ||
| 005 | 20210623133902.0 | ||
| 008 | 090603s2009 xo e |||| |slo | ||
| 009 | sk | ||
| 020 | . | ‡a978-80-89387-03-8 | |
| 035 | . | ‡a(CONS)5184 | |
| 035 | . | ‡aKPS13037 | |
| 040 | . | ‡aABG450 | |
| 041 | . | ‡aslo | |
| 082 | 1 | 4. | ‡a361.3 |
| 100 | . | ‡76324 ‡aKrupa, Slavomír | |
| 245 | . | ‡aKvalita sociálnych služieb / ‡nSlavomír Krupa | |
| 260 | . | ‡bAsociácia zamestnávateĺov občanov so zdravotným postihnutím v SR ‡c2009 | |
| 300 | . | ‡a63 s. | |
| 490 | . | ‡aSociálne podniokanie | |
| 653 | . | ‡aKvalita sociálnych služieb | |
| 852 | 4 | . | ‡bETS ‡bETS ‡cVolný výběr ‡j361.3 ‡gA ‡p424470011654 |
| 852 | 4 | . | ‡bETS ‡bETS ‡cVolný výběr ‡j361.3 ‡gA ‡p424470011653 |
| 852 | 4 | . | ‡bETS ‡bETS ‡cVolný výběr ‡j361.3 ‡gA ‡p424470011652 |
| 852 | 4 | . | ‡bETS ‡bETS ‡cVolný výběr ‡j361.3 ‡gA ‡p424470011651 |
| 910 | . | ‡aABG450 | |
| 999 | . | ‡a5184 ‡bAUTOGEN ‡c5184 ‡tbiblio | |
| 905 | . | ‡uadmin | |
| 901 | . | ‡a38058 ‡bCZ-PrJAB ‡c38058 ‡tbiblio ‡sets | |